Giáo trình di truyền học : Dùng cho các trường đại học, cao đẳng chuyên ngành Sinh học, Công nghệ Sinh học, Y tế, Nông, Lâm nghiệp

Trình bày những kiến thức cơ bản về di truyền và di truyền học phân tử, sự biến đổi gen, hệ gen và tiến hoá.

Na minha lista:
Detalhes bibliográficos
Autor principal: Đỗ, Lê Thăng
Formato: Livro
Idioma:Undetermined
Publicado em: Hà Nội Giáo dục 2006
Assuntos:
Tags: Adicionar Tag
Sem tags, seja o primeiro a adicionar uma tag!
Thư viện lưu trữ: Trung tâm Học liệu Trường Đại học Cần Thơ
LEADER 00966nam a2200241Ia 4500
001 CTU_124900
008 210402s9999 xx 000 0 und d
020 |c 36000 
082 |a 576.5 
082 |b Th116 
100 |a Đỗ, Lê Thăng 
245 0 |a Giáo trình di truyền học : 
245 0 |b Dùng cho các trường đại học, cao đẳng chuyên ngành Sinh học, Công nghệ Sinh học, Y tế, Nông, Lâm nghiệp 
245 0 |c Đỗ Lê Thăng 
260 |a Hà Nội 
260 |b Giáo dục 
260 |c 2006 
520 |a Trình bày những kiến thức cơ bản về di truyền và di truyền học phân tử, sự biến đổi gen, hệ gen và tiến hoá. 
526 |a Di truyền tế bào thực vật 
526 |b NNG605 
650 |a Genetics,Di truyền học 
904 |i Giang 
980 |a Trung tâm Học liệu Trường Đại học Cần Thơ